| 000 | 00775cab a2200229 4500 | ||
|---|---|---|---|
| 001 | X1938 | ||
| 008 | 090401t1994 xxu||||| |||| 00| 0 eng d | ||
| 035 | _a(Sirsi) u20466 | ||
| 041 | _aeng | ||
| 245 | _aKhatim Naiva v Covent Garden Group ltd | ||
| 260 | _c1994 | ||
| 350 | _a0 | ||
| 490 |
_aNew Property Cases _v1994 NPC 131 |
||
| 520 | _aCA 27 October 1994. Leasehold Reform Act 1967. Oblifagion of tenant to pa the landlord`s surveyor`s fee on landlord`s application to a Leasehold Valuation Tribinal NB NO PHOTOCOPYING ALLOWED. | ||
| 650 | _aENFRANCHISEMENT | ||
| 650 | _aHOUSING ACT 1985 | ||
| 650 | _aLEASEHOLD REFORM ACT 1967 | ||
| 650 | _aREASONABLE COSTS | ||
| 690 | _aLANDLORD AND TENANT-CASE LAW-LEASEHOLD REFORM | ||
| 942 | _n0 | ||
| 948 | _c04/03/1997 | ||
| 999 |
_c13711 _d13711 |
||